000 00436nam a2200169Ia 4500
003 GCL
008 140319s9999 xx 000 0 eng d
040 _aGCL /
_cGCL
082 0 4 _a301
_bB I
100 1 _aBOURGEADE PIERRE
245 1 0 _aAN INVITATION TO REFLEXIVE SOCIOLOGY /
_cBOURGEADE PIERRE
700 1 _aWACQUANT, J. D
260 _a[S.N] :
_bPOLITY PRESS ،
_c1992
300 _a332 P
650 0 4 _aSOCIOLOGY
942 _2ddc
_cBK
999 _c10297
_d10297